000 00872cam a22002531a 4500
001 e 24000395
003 DLC
005 20260227111215.0
008 860123s1924 dcu f000 0 eng c
010 _ae 24000395
035 _a(OCoLC)13054576
040 _aLibrary, U.S. Bur. of Education
_cABAU
_dABAU
_dDLC
042 _apremarc
050 0 0 _aL111
_b.A6 1923, no. 50
051 _aLB2851
_b.H6
100 1 _aHood, William R.
_q(William Ross),
_d1874-
245 1 0 _aFree textbooks for public-school pupils /
_cby William R. Hood.
260 _aWashington :
_bG.P.O.,
_c1924.
300 _a14 p. ;
_c23 cm.
490 1 _aBulletin / Department of the Interior, Bureau of Education ;
_v1923, no. 50
504 _aIncludes bibliographical references.
650 0 _aTextbooks
_zUnited States.
830 0 _aBulletin (United States. Bureau of Education) ;
_v1923, no. 50
999 _c20699
_d20699